000 01048cab a2200313 4500
001 ABS56852
008 090401t1997 xxu||||| |||| 00| 0 eng d
035 _a(Sirsi) u77968
041 _aeng
100 _aAlbery, P.
245 _aInsurance - the hidden pitfalls
260 _c1997
350 _a0
490 _aFacilities Management
_v4(4) April 1997, 20-21(2)
520 _aDiscusses what happens when a commercial property is severely damaged after contracts have been exchanged but before completion. Looks at the insurance implications and considers who is liable for the reinstatement of the building.
650 _aPROPERTY-COMMERCIAL PROPERTY
650 _aCOMPLETION
650 _aDAMAGE
650 _aEXCHANGE OF CONTRACTS
650 _aFACILITIES MANAGEMENT
_96240
650 _aLAW OF PROPERTY ACT 1925 S47
650 _aPROPERTY SALES
650 _aREINSTATEMENT
650 _aSTANDARD CONDITIONS OF SALE
650 _aVENDOR AND PURCHASER
690 _aInsurance
_96249
942 _n0
948 _c25/04/1997
999 _c49039
_d49039